01164nac a22002411u 4500008004100000010001600041020001500057035002000072082002200092100004100114245023800155260005600393300003300449500001600482504004100498650002700539650004300566650003600609710011300645942002600758999001500784952012300799100802t xxu||||| |||| 00| 0 eng d a 95070760 a0309053358 a(OCoLC)33243276 a622.3385222bMAT a20080729 91697100aMaterials for high-temperature semiconductor devices /cCommittee on Materials for High-Temperature Semiconductor Devices, National Materials Advisory Board, Commission on Engineering and Technical Systems, National Research Council. aWashington, D.C. :bNational Academy Press,cc1995. axv, 119 p. :bill. ;c28 cm. a"NMAB-474." aIncludes bibliographical references. 0aSemiconductors.916972 0aMaterials at high temperatures.916973 0aWide gap semiconductors.9169742 aNational Research Council (U.S.).bCommittee on Materials for High-Temperature Semiconductor Devices.916975 cBBk622.3385 MAT2ddc c1897d1897 00102ddc40748 aMAINbMAINc1STd2010-08-02epurchasel0o622.3385 MATp000002363r2025-07-15 00:00:00v187.00yBB